| 000 | 01066cam a22003138i 4500 | ||
|---|---|---|---|
| 008 | |||
| 020 | _a9780124201750 (pbk.) | ||
| 049 | _aMAIN | ||
| 090 |
_aHC79.T4 _bDUE |
||
| 100 | 1 | _aDuening, Thomas N. | |
| 245 | 1 | 0 |
_aTechnology entrepreneurship : _btaking innovation to the marketplace / _cThomas N. Duening ; Robert D. Hisrich and Michael A. Lechter. |
| 250 | _a2nd ed. | ||
| 260 |
_aAmsterdam : _bElsevier(Academic Press), _c2015. |
||
| 300 |
_axxiv, 370 p. : _bill. ; _c24 cm. |
||
| 500 | _aIncludes index. | ||
| 504 | _aIncludes bibliographical references. | ||
| 650 | 0 |
_aTechnological innovations _xEconomic aspects. |
|
| 650 | 0 |
_aHigh technology industries _xManagement. |
|
| 650 | 0 | _aEntrepreneurship. | |
| 650 | 0 | _aIntellectual property. | |
| 650 | 0 |
_aNew business enterprises _xManagement. |
|
| 700 | 1 | _aHisrich, Robert D. | |
| 700 | 1 | _aLechter, Michael A. | |
| 907 |
_a.b10389349 _b20-02-18 _c20-02-18 |
||
| 003 | |||
| 005 | 20231108201751.0 | ||
| 040 | _cNUST | ||
| 942 |
_cBOOKS _kHC79.T4 _mDUE _01 |
||
| 999 |
_c167480 _d167480 |
||